| 000 | 00744nam a22002057a 4500 | ||
|---|---|---|---|
| 999 |
_c1016 _d1016 |
||
| 003 | AR-CdUCM | ||
| 008 | 190226b ||||| |||| 00| 0 spa d | ||
| 040 |
_aMUNICIPALIDAD PROVINCIAL DEL CUSCO _cBIBLIOTECA MUNICIPAL DEL CUSCO |
||
| 082 |
_a261.51 / _bM12 |
||
| 100 |
_aMc Lauchlin, Barry _93961 |
||
| 245 |
_aPsicología de la espiritualidad religiosa / _cBarry Mc Lauchlin, S.J. |
||
| 260 |
_aBilbao : _bEl mensajero del corazón de Jesús, _c1967. |
||
| 300 |
_a215 paginas ; _c19 cm. |
||
| 505 | _a Vocación -- Desarrollo psicológico -- identidad -- intimidad -- generatividad ... | ||
| 650 |
_aReligiosidad _93962 |
||
| 650 |
_aCristianismo _92910 |
||
| 650 |
_aEspiritualidad _93669 |
||
| 942 |
_2ddc _cLIBROS |
||
| 945 |
_aacv _d2019-02-26 |
||